Introduction to biomedical engineering / (Record no. 36211)

MARC details
000 -LEADER
fixed length control field 00783nam a2200217 a 4500
001 - CONTROL NUMBER
control field vtls003022373
003 - CONTROL NUMBER IDENTIFIER
control field MY-SjTCS
005 - DATE AND TIME OF LATEST TRANSACTION
control field 20200226104322.0
008 - FIXED-LENGTH DATA ELEMENTS--GENERAL INFORMATION
fixed length control field 110218s2004 nju 000 0 eng d
020 ## - INTERNATIONAL STANDARD BOOK NUMBER
International Standard Book Number 0130619779 (hbk)
039 #9 - LEVEL OF BIBLIOGRAPHIC CONTROL AND CODING DETAIL [OBSOLETE]
Level of rules in bibliographic description 201102181243
Level of effort used to assign nonsubject heading access points VLOAD
Level of effort used to assign subject headings 200511161448
Level of effort used to assign classification mas
Level of effort used to assign subject headings 200506211541
Level of effort used to assign classification ramlah
Level of effort used to assign subject headings 200506211539
Level of effort used to assign classification ramlah
-- 200506131606
-- patrick
082 00 - DEWEY DECIMAL CLASSIFICATION NUMBER
Classification number 610.28
Item number DOM
100 1# - MAIN ENTRY--PERSONAL NAME
Personal name Domach, Michael M.
9 (RLIN) 19410
245 10 - TITLE STATEMENT
Title Introduction to biomedical engineering /
Statement of responsibility, etc. Michael M. Domach.
246 3# - VARYING FORM OF TITLE
Title proper/short title Biomedical engineering
260 ## - PUBLICATION, DISTRIBUTION, ETC.
Place of publication, distribution, etc. Upper Saddle River, N.J. :
Name of publisher, distributor, etc. Pearson/Prentice Hall,
Date of publication, distribution, etc. c2004.
300 ## - PHYSICAL DESCRIPTION
Extent xi, 244 p. :
Other physical details ill. ;
Dimensions 25 cm.
504 ## - BIBLIOGRAPHY, ETC. NOTE
Bibliography, etc. note Includes bibliographical references and index.
650 #0 - SUBJECT ADDED ENTRY--TOPICAL TERM
Topical term or geographic name entry element Biomedical engineering.
9 (RLIN) 19411
920 ## - Programme
Programme ADP : 96948
Holdings
Withdrawn status Lost status Source of classification or shelving scheme Damaged status Not for loan Home library Current library Date acquired Total Checkouts Total Renewals Barcode Date last seen Date last checked out Copy number Uniform Resource Identifier Koha item type Public note
    Dewey Decimal Classification     Taylor's Library-TU Taylor's Library-TU 13/06/2005 14 3 5000004745 12/11/2025 04/11/2025 1 Floor 4, Shelf 17 , Side 1, TierNo 3, BayNo 1 Main Collection SLASx,05000,03,CL